ბათუმის შოთა რუსთაველის სახელმწიფო უნივერსიტეტის ბიბლიოთეკა

იონი ; დიდი ჰიპია ; მენონი : (ბიბ.ჩანაწერი № 58586)

000 -ლიდერი
ფიქსირებული სიგრძის საკონტროლო ველი 01565nam a22002537a 4500
003 - საკონტროლო ნომრის იდენტიფიკატორი
საკონტროლო ველი Ge_BSU
005 - ბოლო ოპერაციის თარიღი და დრო
საკონტროლო ველი 20220608123859.0
008 - ფიქსირებული სიგრძის მონაცემთა ელემენტები - ზოგადი ინფორმაცია
ფიქსირებული სიგრძის საკონტროლო ველი 220608s1974ge xxu||||| |||| 00| 0 geo d
020 ## - წიგნის საერთაშორისო სტანდარტული ნომერი
International Standard Book Number 9789941800405
041 ## - ენის კოდი
Language code of text/sound track or separate title geo
080 ## - უნივერსალური ათობითი კლასიფიკაციის ინდექსი
Universal Decimal Classification number 1(38)+821.14'01
100 ## - მთავარი ჩანაწერი - პიროვნების სახელი
Personal name პლატონი, 427-347 წ. ჩვ. წ
9 (RLIN) 14010
245 ## - ცნობა სათაურის შესახებ
Title იონი ; დიდი ჰიპია ; მენონი :
Remainder of title [დიალოგები] /
Statement of responsibility, etc პლატონი ; ძველი ბერძნულიდან თარგმნა, წინათქმები და შენიშვნები დაურთო ბაჩანა ბრეგვაძემ ; ლიტ. რედაქტორი ანი ბრეგვაძე ; მხატვრები: მერაბ გეწაძე, ვასილ ნასიბოვი.
264 ## - წარმოების, გამოცემის, დისტრიბუციის და სხვა ცნობები
გამოცემის, წარმოების, დისტრიბუციის... ადგილი თბილისი :
გამოცემის, წარმოების, დისტრიბუციის... სახელწოდება Carpe diem,
გამოცემის, წარმოების, დისტრიბუციის... თარიღი 2019.
300 ## - ფიზიკური აღწერა
Extent 292 გვ. ;
Dimensions 16 სმ.
501 ## - შენიშვნა თანმხლებ მასალაზე
With note შენიშვნები: გვ . 243-291
653 ## - INDEX TERM--UNCONTROLLED
Uncontrolled term იონი დიდი ჰიპია მენონი
653 ## - INDEX TERM--UNCONTROLLED
Uncontrolled term ფილოსოფია
700 ## - ADDED ENTRY--PERSONAL NAME
Personal name ბრეგვაძე, ბაჩანა
Relator term მთარგმნელი
9 (RLIN) 14011
700 ## - ADDED ENTRY--PERSONAL NAME
Personal name ბრეგვაძე , ანი
Relator term ლიტერატურული რედაქტორი
9 (RLIN) 13942
700 ## - ADDED ENTRY--PERSONAL NAME
Personal name გეწაძე, მერაბ
Relator term მხატვარი
9 (RLIN) 5470
700 ## - ADDED ENTRY--PERSONAL NAME
Personal name ნასიბოვი, ვასილ
Relator term მხატვარი
9 (RLIN) 5472
942 ## - ADDED ENTRY ELEMENTS (KOHA)
Source of classification or shelving scheme
Koha item type წიგნი
ეგზემპლარები
ჩამოწერის სტატუსი დაკარგული ეგზემპლარის სტატუსი კლასიფიკაციის წყარო ან თაროზე გაწყობის სქემა დაზიანების სტატუსი არ გაიცემა მუდმივი მდებარეობა (დაცვის ადგილი) ამჟამინდელი ადგილსამყოფელი თაროზე განთავსების ადგილი შეძენის თარიღი ღირებულება, შესყიდვის ნორმალური ფასი სრული შენახვის შიფრი შტრიხკოდი ბოლო ოპერაციის თარიღი ეგზემპლარის მიმდევრობითი ნომერი (კეტერი?) ფასის ძალაში შესვლის თარიღი ეგზემპლარის სახეობა საჯარო შენიშვნა
          ბათუმის შოთა რუსთაველის სახელმწიფო უნივერსიტეტის მთავარი ბიბლიოთეკა ბათუმის შოთა რუსთაველის სახელმწიფო უნივერსიტეტის მთავარი ბიბლიოთეკა წიგნსაცავი 2022-06-08 9.00 1(38)+821.14'01 62615 2022-06-08 62615 2022-06-08 წიგნი 9,.00
          ბათუმის შოთა რუსთაველის სახელმწიფო უნივერსიტეტის მთავარი ბიბლიოთეკა ბათუმის შოთა რუსთაველის სახელმწიფო უნივერსიტეტის მთავარი ბიბლიოთეკა წიგნსაცავი 2022-06-08 9.00 1(38)+821.14'01 62614 2022-06-08 62614 2022-06-08 წიგნი 9.00